Lecture sur l'image laryngoscopique du fonctionnement élémentaire de chacun des muscles intrinsèqus du larynx et clé de l'énigme de l'innervation spéciale du crico-thyroidien / (Record no. 54449)

MARC details
000 -LEADER
campo de control de longitud fija 00758nam a2200193 i 4500
001 - NÚMERO DE CONTROL
campo de control 54449
003 - IDENTIFICADOR DE NÚMERO DE CONTROL
campo de control ES-MaACL
005 - FECHA Y HORA DE LA ÚLTIMA TRANSACCIÓN
campo de control 20230906162946.0
007 - CAMPO FIJO DE DESCRIPCIÓN FÍSICA--INFORMACIÓN GENERAL
campo de control de longitud fija t|
008 - DATOS DE LONGITUD FIJA--INFORMACIÓN GENERAL
campo de control de longitud fija 031216s1899 fr ||||1| fre d
100 1# - ENTRADA PRINCIPAL--NOMBRE DE PERSONA
Nombre de persona Forns, Rafael María.
9 (RLIN) 51796
245 10 - MENCIÓN DEL TÍTULO
Título Lecture sur l'image laryngoscopique du fonctionnement élémentaire de chacun des muscles intrinsèqus du larynx et clé de l'énigme de l'innervation spéciale du crico-thyroidien /
Mención de responsabilidad, etc. par le Dr. R. Forns.
260 ## - PUBLICACIÓN, DISTRIBUCIÓN, ETC.
Lugar de publicación, distribución, etc. Paris :
Nombre del editor, distribuidor, etc. Masson et Cie,
Fecha de publicación, distribución, etc. [1899]
300 ## - DESCRIPCIÓN FÍSICA
Extensión P. 640-644 ;
Dimensiones 22 cm.
500 ## - NOTA GENERAL
Nota general Separata de: Annales des maladies de l'oreille, du larynx, du nez et du pharynx.
650 #4 - PUNTO DE ACCESO ADICIONAL DE MATERIA--TÉRMINO DE MATERIA
Término de materia o nombre geográfico como elemento de entrada Laringe.
9 (RLIN) 165412
650 04 - PUNTO DE ACCESO ADICIONAL DE MATERIA--TÉRMINO DE MATERIA
Término de materia o nombre geográfico como elemento de entrada Otorrinolaringología.
9 (RLIN) 15780
852 ## - LOCALIZACIÓN
Ubicación ES-MaACL
Número de control de estantería T-929-F-3
Holdings
Estatus retirado Estado de pérdida Estado de daño No para préstamo Colección Biblioteca de origen Biblioteca actual Ubicación en estantería Fecha de adquisición Fuente de adquisición Total de préstamos Signatura topográfica completa Código de barras Visto por última vez Precio de reemplazo Tipo de ítem Koha
        Colección de folletos Biblioteca del Ateneo de Madrid Biblioteca del Ateneo de Madrid Depósito folletos 17/01/2008     T-929-F-3 1057216 23/02/2023 23/02/2023 Folleto